Statistics for Pulp Fiction Cast

Click here to take the quiz!

General Stats

  • This quiz has been taken 834 times
  • The average score is 6 of 15

Answer Stats

HintAnswer% Correct
Vincent VegaJohn Travolta
97%
Jules WinnfeldSamuel L. Jackson
97%
Butch CoolidgeBruce Willis
86%
Mia WallaceUma Thurman
82%
Pumpkin / RingoTim Roth
59%
Marsellus WallaceVing Rhames
42%
Honey Bunny / YolandaAmanda Plummer
25%
LanceEric Stoltz
22%
JodyRosanna Arquette
16%
FabienneMaria de Medeiros
8%
MarvinPhil LaMarr
8%
BrettFrank Whaley
7%
ZedPeter Greene
7%
Paul / English BobPaul Calderon
4%
MaynardDuane Whitaker
3%

Score Distribution

Percentile by Number Answered

Percent of People with Each Score

Your Score History

You have not taken this quiz